Explicacion de la doctrina cristiana, segun el metodo con que la enseñan los padres de las escuelas pias a los niños que frecuentan sus escuelas dispuesta en forma de dialogo entre maestro y discipulo / por el padre Cayetano, de S. Juan Bautista, sacerdote de dichass escuelas pias

Detalles Bibliográficos
Autor principal: Cayetano
Formato: Libro
Lenguaje:Undetermined
Spanish
Publicado: París : 1860
Materias:
Colección:Banco de datos
Acervo:Monasterio de Santa Catalina de Siena de la Orden de Santo Domingo de Puebla. Puebla
Descripción Física:[2] h., 300 p. : il. ; 8º
Tema general:Catequética
Notas:Incluye ilustraciones en grabado litográfico
LEADER 00907nam a2200169Ia 4500
008 150723s9999 xx 000 0 und d
041 0 |a spa 
100 1 |a Cayetano  
245 1 0 |a Explicacion de la doctrina cristiana, segun el metodo con que la enseñan los padres de las escuelas pias a los niños que frecuentan sus escuelas dispuesta en forma de dialogo entre maestro y discipulo / por el padre Cayetano, de S. Juan Bautista, sacerdote de dichass escuelas pias 
260 |a París :   |b Libreria de Rosa y Bouret,   |c 1860 
300 |a [2] h., 300 p.   |b  : il.  |c  ; 8º 
500 |a Incluye ilustraciones en grabado litográfico  
650 1 0 |a Catequética  
949 |a Monasterio de Santa Catalina de Siena y Santa Ana del Convento de Dominicas del Estado de Puebla: 715 
942 |c DOMPUE 
943 |g Monasterio de Santa Catalina de Siena de la Orden de Santo Domingo de Puebla. Puebla 
999 |c 1105304  |d 1105304